Štátny rozpočet Slovenskej republiky v roku 2002
Enregistré dans:
| Autres auteurs: | |
|---|---|
| Format: | Livre |
| Langue: | slovaque |
| Publié: |
Bratislava
Ministerstvo financií SR
2002
|
| Sujets: | |
| Tags: |
Pas de tags, Soyez le premier à ajouter un tag!
|
MARC
| LEADER | 00000nam a2200000 4500 | ||
|---|---|---|---|
| 001 | c136420 | ||
| 005 | 20221124093102.2 | ||
| 041 | 0 | |a slo | |
| 044 | |a SK | ||
| 245 | 1 | 0 | |a Štátny rozpočet Slovenskej republiky v roku 2002 |c [spracovali: Miloš Nosál ... [et al.]] |
| 264 | 1 | |a Bratislava |b Ministerstvo financií SR |c 2002 | |
| 300 | |a 88 s. | ||
| 610 | 2 | 0 | |a rozpočty |
| 610 | 2 | 0 | |a rozpočet štátny |
| 610 | 2 | 0 | |a hospodárenie finančné |
| 610 | 2 | 0 | |a politika hospodárska |
| 610 | 2 | 0 | |a vývoj hospodársky |
| 610 | 2 | 0 | |a rast hospodársky |
| 610 | 2 | 0 | |a financie verejné |
| 610 | 2 | 0 | |a riadenie |
| 610 | 2 | 0 | |a reformy |
| 610 | 2 | 0 | |a legislatíva |
| 610 | 2 | 0 | |a zadlženosť |
| 610 | 2 | 0 | |a deficit rozpočtový |
| 610 | 2 | 0 | |a príjmy |
| 610 | 2 | 0 | |a výdavky |
| 610 | 2 | 0 | |a úver |
| 610 | 2 | 0 | |a vláda |
| 610 | 2 | 0 | |a aktíva |
| 610 | 2 | 0 | |a pasíva |
| 610 | 2 | 0 | |a prognózy |
| 610 | 2 | 0 | |a zákony |
| 610 | 2 | 0 | |a Slovensko |
| 610 | 2 | 0 | |a máj |
| 610 | 2 | 0 | |a 2002 |
| 700 | 1 | |a Nosál, Miloš | |